LEADER 01364nam--22004091n-450- 001 990003516640203316 005 20110328101547.0 010 $a88-14-15950-5 035 $a000244509 035 $aUSA01000244509 035 $a(ALEPH)000351664USA01 035 $a000244509 100 $a20110328-2011----m||y0itay0103----ba 101 0 $aita 102 $aIT 105 $ay|||z|||001yy 200 1 $aInfortuni sul lavoro e malattie professionali$fAldo De Matteis 205 $a2. edizione aggiornata al Collegato lavoro (L. 4 novembre 2010 , n. 183) 210 $aMilano$cGiuffrè$d2011 215 $aXXIX, 1293 p.$d24 cm 225 2 $aPratica giuridica$v24$h2. ser. 410 0$12001$aPratica giuridica$v24$h2. ser. 606 0 $aAssicurazioni infortuni sul lavoro$xLegislazione$2BNCF 606 0 $aMalattie del lavoro$xProtezione 676 $a344.45021$v22 700 1$aDE MATTEIS,$bAldo$0238935 801 0$aIT$bsalbc$gISBD 912 $a990003516640203316 951 $aXXX.A. Coll. 151/ 32$b70392 G.$cXXX.A. Coll.$d00165754 959 $aBK 969 $aGIU 979 $aCHIARA$b90$c20110328$lUSA01$h1012 979 $aCHIARA$b90$c20110328$lUSA01$h1013 979 $aCHIARA$b90$c20110328$lUSA01$h1015 979 $aCHIARA$b90$c20110328$lUSA01$h1015 996 $aInfortuni sul lavoro e malattie professionali$91071214 997 $aUNISA LEADER 01327nam 2200397 450 001 9910713435303321 005 20200625165611.0 035 $a(CKB)5470000002501302 035 $a(OCoLC)1152529793 035 $a(EXLCZ)995470000002501302 100 $a20200429d2020 ua 0 101 0 $aeng 135 $aurm|||||||||| 181 $ctxt$2rdacontent 182 $cc$2rdamedia 183 $acr$2rdacarrier 200 00$aTips for teens$iSedatives $ethe truth about sedatives 205 $aRevised 2020. 210 1$a[Rockville, Md.] :$cSubstance Abuse and Mental Health Services Administration,$d2020. 215 $a1 online resource (2 unnumbered pages) $ccolor illustrations 300 $a"PEP NO. 20-03-03-003"--Page 2. 320 $aIncludes bibliographical references (page 2). 517 $aTips for teens 606 $aSedatives 606 $aTeenagers$xDrug use$zUnited States$xPrevention 606 $aSubstance abuse$xPrevention$zUnited States 615 0$aSedatives. 615 0$aTeenagers$xDrug use$xPrevention. 615 0$aSubstance abuse$xPrevention 712 02$aUnited States.$bSubstance Abuse and Mental Health Services Administration, 801 0$bGPO 801 1$bGPO 906 $aBOOK 912 $a9910713435303321 996 $aTips for teens$93321089 997 $aUNINA